000 00615nam a2200229Ia 4500
003 OSt
005 20221007080113.0
006 a|||||r|||| 00| 0
007 ta
008 221006b |||||||| |||| 00| 0 eng d
024 _a24,097
037 _cTextual
040 _aFLL
_cFLL
_beng
041 _2eng
_aeng
082 _aZ2,215, L8
100 _aKohli S.N.
245 0 _aSea power and the Indian ocean
260 _aNew Delhi
_bTata McGraw-Hill Publishing Company Ltd. India
_c1978
300 _aviii,1-168p
_ccm.
942 _hZ2,215, L8
_cTEXL
_2CC
999 _c1158373
_d1158373